Clinical and ethical dilemmas in palliative and end-of-life care / (Record no. 43796)

MARC details
001 - CONTROL NUMBER
control field 24021902
003 - CONTROL NUMBER IDENTIFIER
control field 000
005 - DATE AND TIME OF LATEST TRANSACTION
control field 20251015142110.0
008 - FIXED-LENGTH DATA ELEMENTS--GENERAL INFORMATION
fixed length control field 250206s2025 nyu b 000 0 eng
010 ## - LIBRARY OF CONGRESS CONTROL NUMBER
LC control number 2025005091
020 ## - INTERNATIONAL STANDARD BOOK NUMBER
International Standard Book Number 9780197681541
035 ## - SYSTEM CONTROL NUMBER
System control number 24021902
040 ## - CATALOGING SOURCE
Original cataloging agency DNLM/DLC
Language of cataloging eng
Description conventions rda
Transcribing agency DLC
Modifying agency DLC
042 ## - AUTHENTICATION CODE
Authentication code pcc
050 00 - LIBRARY OF CONGRESS CALL NUMBER
Classification number R 726 .C55
060 00 - NATIONAL LIBRARY OF MEDICINE CALL NUMBER
Classification number WB 60
082 00 - DEWEY DECIMAL CLASSIFICATION NUMBER
Classification number 174.2/96029
Edition number 23/eng/20250317
100 ## - MAIN ENTRY--PERSONAL NAME
Personal name Carr, Daniel B.
245 00 - TITLE STATEMENT
Title Clinical and ethical dilemmas in palliative and end-of-life care /
Statement of responsibility, etc Edited by Ann Berger, Daniel B. Carr.
263 ## - PROJECTED PUBLICATION DATE
Projected publication date 2504
264 #1 - PUBLICATION, DISTRIBUTION, ETC. (IMPRINT)
Place of publication, distribution, etc New York, NY :
Name of publisher, distributor, etc Oxford University Press,
Date of publication, distribution, etc 2025.
300 ## - PHYSICAL DESCRIPTION
Extent xvii, 272p. ill.
336 ## - CONTENT TYPE
Content type term text
Content type code txt
Source rdacontent
337 ## - MEDIA TYPE
Media type term unmediated
Media type code n
Source rdamedia
338 ## - CARRIER TYPE
Carrier type term volume
Carrier type code nc
Source rdacarrier
490 1# - SERIES STATEMENT
Series statement What do I do now?: palliative care
504 ## - BIBLIOGRAPHY, ETC. NOTE
Bibliography, etc Includes bibliographical references.
505 0# - FORMATTED CONTENTS NOTE
Formatted contents note A Choice of Comfort Feeding / Wesley Boyette, M. Jennifer Cheng -- Patients Seeking Alternative Treatments for Cancer Pain / Steven Mach, Salahadin Abdi -- Delivering Difficult News as a Covering Provider / Scott Ian Borison -- To Pray or Not to Pray: Is that the Question? / Marta Illueca -- My Patient with Substance Use Disorder is in Acute Sickle Cell Pain Crisis / Baraa O. Tayeb, Antje M. Barreveld -- My Dying Patient Receiving Opioids Has a Respiratory Rate of 6 / Baraa O. Tayeb, Antje M. Barreveld -- Video Gaming and Virtual Reality in Pediatrics / Elizabeth Pasternak, Pamela Ressler -- Native American Spirituality and Healing / Marta Illueca -- Dying Alone / Sharon Kim -- Navigating Familial Conflict Regarding Information Sharing / Nafiisah B.M.H. Rajabalee, Scott Ian Borison -- Dis/Continuing Transfusions in a 2 Year Old Dying of Leukemia / Elizabeth Pasternak, Pamela Ressler -- Managing Family Conflict / Betty R. Ferrell -- Dilemmas Related to Families / Anna Barreiro Albǹ, Beth B. Hogans -- Complicated Grief / Zhu Wang, Salahadin Abdi -- Moral Distress: My Patient is Suffering and "We Can't Keep Torturing Them" / Anthony Eidelman, Regina M. Fink -- Work-Nonwork Life Fit: Tensions for Healthcare Clinicians / Emily P. Guinee, Angela K.M. Lipshutz, M. Jennifer Cheng, Deborah J. Snyder -- Burnout and Resilience / Jennifer Winegarden, Ylisabyth Bradshaw -- Planning and Facing Retirement / Daniel B. Carr, Stephen Gullo -- Balancing Opioid Benefit and Risk for Subacute or Chronic Noncancer Pain / Scott A. Strassels, Daniel B. Carr -- The Emerging Role of Independent Patient Advocates / Shiella Dowlatshahi -- Managing Outpatient Workplace Violence / Pragya B. Gupta, Daniel B. Carr -- Maladaptive Team Dynamics / Moe Norton-Westbrook, Sylvia Christie, Constance Dahlin -- Allocation of Scarce Resources / Justin Price -- Introducing Novel Treatments: Navigating Institutional Policies / Jennifer Winegarden -- Racial Inequalities in Healthcare / Carmen Renee Green -- Hydration and Artificial Nutrition at the End of Life / Tamara Vesel, Carol Pilgrim -- Physician Assisted Death (PAD) / Sudha Chandrasekhar -- Decision-Making Around Dialysis Withdrawal / Mary K. Buss, Tamara Vesel -- LGBTQ: to Disclose or Not to Disclose / Gabriel Lutz -- Can Minors Make Major Healthcare Decisions? / Sudha Chandrasekhar -- Surrogate Decision Making / Margaret M. Mahon -- Approaching Palliative Sedation at the End of Life / Abigail Lebovitz, Tamara Vesel -- Advance Care Planning / Nnamdi C. Iwuala, Lauren Shaiova -- Substituted Judgment / Gabriel Lutz.
650 12 - SUBJECT ADDED ENTRY--TOPICAL TERM
Topical term or geographic name as entry element Palliative Care
General subdivision ethics
650 12 - SUBJECT ADDED ENTRY--TOPICAL TERM
Topical term or geographic name as entry element Terminal Care
General subdivision ethics
650 22 - SUBJECT ADDED ENTRY--TOPICAL TERM
Topical term or geographic name as entry element Ethics, Clinical
700 1# - ADDED ENTRY--PERSONAL NAME
Personal name Berger, Ann
Fuller form of name (Ann M.),
Relator term editor.
700 1# - ADDED ENTRY--PERSONAL NAME
Personal name Carr, Daniel B.,
Relator term editor.
776 08 - ADDITIONAL PHYSICAL FORM ENTRY
Relationship information Online version:
Title Clinical and ethical dilemmas in palliative and end-of-life care
Place, publisher, and date of publication New York, NY : Oxford University Press, 2025
International Standard Book Number 9780197681558
Record control number (DLC) 2025005092
830 #0 - SERIES ADDED ENTRY--UNIFORM TITLE
Uniform title What do I do now?.
Name of part/section of a work Palliative care
906 ## - LOCAL DATA ELEMENT F, LDF (RLIN)
a 7
b cbc
c orignew
d 1
e ecip
f 20
g y-gencatlg
942 ## - ADDED ENTRY ELEMENTS (KOHA)
Source of classification or shelving scheme Library of Congress Classification
Koha item type Books
Holdings
Withdrawn status Lost status Source of classification or shelving scheme Damaged status Not for loan Permanent Location Current Location Date acquired Total Checkouts Full call number Barcode Date last seen Price effective from Koha item type
    Library of Congress Classification     NILE UNIVERSITY OF NIGERIA - MAIN LIBRARY NILE UNIVERSITY OF NIGERIA - MAIN LIBRARY 10/15/2025   R 726 .C55 2025 0199174 10/15/2025 10/15/2025 Books
    Library of Congress Classification     NILE UNIVERSITY OF NIGERIA - MAIN LIBRARY NILE UNIVERSITY OF NIGERIA - MAIN LIBRARY 10/15/2025   R 726 .C55 2025 0199175 10/15/2025 10/15/2025 Books